000
00492nam a2200181Ia 4500
008
090124s9999 xx 000 0 und d
082
_b
113685
100
_a
धुरी गुरुनाथ
245
_a
ग्लोरिया
250
_a
1
260
_c
1970
300
_a
124
600
_a
धुरी गुरुनाथ
630
_a
ग्लोरिया
700
_a
धुरी गुरुनाथ
730
_a
ग्लोरिया
942
_c
BOOK
999
_c
159776
_d
159776